Science Quiz

Random Science or Letter Quiz
Score 0/57 Timer 03:00
2 Plays Today
% Correct
Hydrogen
96.6%
Lithium
94.3%
Helium
92.6%
Oxygen
91.7%
Carbon
91.6%
Nitrogen
91.1%
Boron
90.9%
Beryllium
90.6%
Neon
88.1%
Argon
88%
Fluorine
87.4%
Aluminum
85.6%
Sulfur
85.5%
Calcium
85.3%
Phosphorus
83.5%
Nickel
83%
Xenon
82.9%
Silicon
82.8%
Cobalt
81.9%
Krypton
81.5%
Iodine
79.9%
Titanium
77.9%
Barium
77.9%
Radium
77%
Gallium
76.2%
Bromine
76%
Selenium
73.7%
Vanadium
72.9%
Yttrium
72.1%
% Correct
Germanium
71.9%
Francium
71.5%
Uranium
70.9%
Lanthanum
70.6%
Polonium
69.5%
Iridium
68.3%
Bismuth
68.1%
Osmium
67.8%
Tellurium
66.6%
Indium
64.7%
Molybdenum
64.4%
Ruthenium
63.7%
Cerium
63.5%
Tantalum
63.5%
Lutetium
62.4%
Holmium
60.4%
Actinium
59.9%
Europium
59.2%
Scandium
59.1%
Nobelium
57.2%
Erbium
56.7%
Americium
53.8%
Flerovium
52.2%
Thorium
51.8%
Praseodymium
50.5%
Rhodium
47.6%
Dysprosium
37.7%
Oganesson
24.8%

You're not logged in!

Compare scores with friends on all Sporcle quizzes.
OR
Log In

Sporcle TV

Today on Sporcle TV


Watch our educational content, quiz creation guides, and fun videos on Sporcle TV.

Show Comments

Extras

Top Quizzes Today


Score Distribution

Your Account Isn't Verified!

In order to create a playlist on Sporcle, you need to verify the email address you used during registration. Go to your Sporcle Settings to finish the process.

Report this User

Report this user for behavior that violates our Community Guidelines.

Details: